Normal view
MARC view
- Demografía
Entry Materia
001 - NÚMERO DE CONTROL DEL REGISTRO
- campo de control: 13253
003 - IDENTIFICADOR DE NUMERO DE CONTROL
- campo de control: MX-MxUPN
005 - FECHA Y HORA DE LA ÚLTIMA TRANSACCIÓN
- campo de control: 20240926114128.0
008 - DATOS DE LONGITUD FIJA
- campo de control de longitud fija: 240926n||acannbabn n ana |d
035 ## - NÚMERO DE CONTROL DEL SISTEMA
- Número de control del sistema: UPN10000013261
040 ## - FUENTE DE LA CATALOGACIÓN
- Lengua de catalogación: spa
- Agencia de transcripción: DLC
- Centro catalogador de origen: DLC
- Agencia de modificación: MX-MxUPN
150 ## - ENCABEZAMIENTO - TEMÁTICO
- Término de materia o nombre geográfico como elemento inicial: Demografía
- Subdivisión geográfica: México
670 ## - FUENTE EN LA QUE SE LOCALIZARON DATOS
- Cita de la fuente: Autoridades LC, 26 septiembres 2024 :
- Información localizada: (Demography - Mexico)
902 ## - CATALOGADOR
- Catalogador: LG/060497
- Catalogador: MaríaRobles/260924
